[Event "ICS rated blitz match"]
[Site "204.178.125.65"]
[Date "2001.01.23"]
[Round "?"]
[White "PostModernist"]
[Black "Hossa"]
[Result "0-1"]
[WhiteElo "2603"]
[BlackElo "2533"]
[PlyCount "142"]
[EventDate "2001.??.??"]

1. e4 e5 2. Bc4 Nf6 3. d3 Nc6 4. Nc3 Bb4 5. Bg5 h6 6. Bxf6 Qxf6 7. Nge2 d6 8.
O-O Bxc3 9. bxc3 O-O 10. d4 Bg4 11. f3 Be6 12. Qd3 Bxc4 13. Qxc4 Qe7 14. Ng3
Rfe8 15. Nf5 Qd7 16. Qb5 b6 17. d5 Nb8 18. Qe2 h5 19. Qf2 g6 20. Qg3 Qa4 21.
Ne3 Nd7 22. Qg5 Nf8 23. Qh6 f6 24. Rfb1 Qd7 25. Nd1 Qf7 26. a3 g5 27. Ne3 Qg6
28. Nf5 a6 29. Kf2 Qxh6 30. Nxh6+ Kh7 31. Nf5 Ng6 32. Ke2 Ne7 33. Nxe7 Rxe7 34.
Kd3 Kg6 35. Rb4 Rh7 36. Rab1 a5 37. R4b2 Rf8 38. Re1 f5 39. exf5+ Kxf5 40. h3
Kf4 41. c4 Kg3 42. c3 g4 43. fxg4 hxg4 44. Re3+ Kh4 45. Re4 Rg7 46. Rbe2 Rf1
47. Kc2 Kh5 48. R4e3 Rgf7 49. Rg3 R7f4 50. Kb3 Kh4 51. Rxg4+ Rxg4 52. hxg4 Kxg4
53. c5 bxc5 54. Ka4 Ra1 55. c4 Kf4 56. Rf2+ Ke3 57. Rf7 Kd3 58. Rxc7 Kxc4 59.
Rg7 Kxd5 60. Rg3 Kd4 61. Rg6 d5 62. g4 e4 63. Kxa5 e3 64. Re6 Rxa3+ 65. Kb5
Rb3+ 66. Ka4 Rb4+ 67. Ka3 Kd3 68. g5 e2 69. Re5 Re4 70. Rxe4 Kxe4 71. Ka4 Kf5 {
PostModernist resigns} 0-1

[Event "ICS rated blitz match"]
[Site "204.178.125.65"]
[Date "2001.01.23"]
[Round "?"]
[White "Hossa"]
[Black "PostModernist"]
[Result "1/2-1/2"]
[WhiteElo "2552"]
[BlackElo "2584"]
[PlyCount "83"]
[EventDate "2001.??.??"]

1. e4 e5 2. Nf3 Nc6 3. d4 exd4 4. Nxd4 Bc5 5. Nxc6 bxc6 6. Bd3 Qh4 7. O-O Nf6
8. Qf3 d6 9. e5 Nd5 10. exd6 cxd6 11. Nc3 Be6 12. Nxd5 Bxd5 13. Re1+ Kd7 14.
Qf4 Qxf4 15. Bxf4 Rab8 16. b3 Bb4 17. Re3 Bd2 18. Bf5+ Be6 19. Bxe6+ fxe6 20.
Re4 Bxf4 21. Rxf4 Rhf8 22. Rxf8 Rxf8 23. Rd1 e5 24. f3 g5 25. h3 h5 26. c3 h4
27. Kf2 e4 28. Rd4 exf3 29. gxf3 Ke6 30. Ke3 d5 31. Rg4 Rf5 32. f4 Rxf4 33.
Rxf4 gxf4+ 34. Kxf4 c5 35. b4 cxb4 36. cxb4 Kf6 37. a4 Ke6 38. a5 Kd6 39. a6
Kc6 40. Ke5 Kb6 41. Kxd5 Kxa6 42. Kc6 {PostModernist stalemated} 1/2-1/2

[Event "ICS rated blitz match"]
[Site "204.178.125.65"]
[Date "2001.01.23"]
[Round "?"]
[White "PostModernist"]
[Black "Hossa"]
[Result "1-0"]
[WhiteElo "2583"]
[BlackElo "2553"]
[PlyCount "91"]
[EventDate "2001.??.??"]

1. d4 Nf6 2. c4 e6 3. Nf3 d5 4. Nc3 Bb4 5. Qa4+ Nc6 6. cxd5 Nxd5 7. Bd2 Nb6 8.
Qb5 a6 9. Qd3 Bd7 10. e3 Be7 11. Be2 O-O 12. O-O Nb4 13. Qe4 Bc6 14. Qg4 f5 15.
Qh3 Bf6 16. a3 N4d5 17. Nxd5 Qxd5 18. Rac1 Qb3 19. Bc3 Rf7 20. Nd2 Qd5 21. Bb4
e5 22. Bc5 exd4 23. Bxb6 d3 24. Bf3 Qa2 25. Bd4 Rb8 26. Bxc6 bxc6 27. Nc4 d2
28. Nxd2 Bxd4 29. exd4 Rxb2 30. Nc4 Re2 31. Ne5 Rf6 32. Nxc6 Qd5 33. Rc5 Qd7
34. Ne5 Qd8 35. Qb3+ Kf8 36. Qc4 Re4 37. Rxc7 Qxd4 38. Rf7+ Ke8 39. Qc8+ Qd8
40. Rf8+ Rxf8 41. Qe6+ Qe7 42. Qc6+ Kd8 43. Rd1+ Rd4 44. Rxd4+ Qd6 45. Rxd6+
Ke7 46. Qd7# {Hossa checkmated} 1-0

[Event "ICS rated blitz match"]
[Site "204.178.125.65"]
[Date "2001.01.23"]
[Round "?"]
[White "Hossa"]
[Black "Valg"]
[Result "1/2-1/2"]
[WhiteElo "2538"]
[BlackElo "2637"]
[PlyCount "187"]
[EventDate "2001.??.??"]

1. d4 Nf6 2. c4 e6 3. Nf3 b6 4. Nc3 Bb7 5. a3 d5 6. cxd5 Nxd5 7. Qc2 Nxc3 8.
Qxc3 h6 9. e3 Be7 10. Bd3 Bd6 11. e4 O-O 12. O-O Qd7 13. b3 Rd8 14. Bb2 Qc6 15.
Qd2 Qd7 16. Qc2 Qc6 17. Bc3 Qd7 18. Rfd1 Nc6 19. d5 exd5 20. exd5 Ne7 21. Bh7+
Kh8 22. Ne5 Bxe5 23. Bxe5 Bxd5 24. Bd3 c5 25. f3 Nc6 26. Bb5 Qe6 27. Bxc6 Bxc6
28. Re1 Qg6 29. Qxg6 fxg6 30. Rac1 Kh7 31. Rc2 Rd3 32. b4 Ba4 33. Rc3 Rxc3 34.
Bxc3 cxb4 35. Bxb4 Rc8 36. Re7 Rc1+ 37. Kf2 Rc2+ 38. Ke3 a5 39. Bd6 Rxg2 40.
Be5 Kg8 41. Rxg7+ Kf8 42. Rb7 b5 43. Ra7 Ke8 44. Rxa5 Ra2 45. Bd6 Kf7 46. Ra6
Bd1 47. Be5 h5 48. h4 Ba4 49. Rf6+ Ke7 50. Rxg6 Rxa3+ 51. Kf4 Bd1 52. Bd6+ Kf7
53. Bxa3 Kxg6 54. Bb4 Kf6 55. Bc5 Ke6 56. Ke4 Bc2+ 57. Kd4 Kf5 58. Bd6 Bd1 59.
Ke3 Ke6 60. Ba3 Kd5 61. Be7 Kc4 62. Bd6 b4 63. Be5 b3 64. Ke4 Bc2+ 65. Ke3 Kd5
66. Bg7 Bf5 67. Kf4 Bg6 68. Kg5 Be8 69. Kf4 Kc5 70. Kg5 Kd5 71. Kf4 Kc4 72. Ke3
Bd7 73. Be5 Kd5 74. Bg7 Kd6 75. Bf8+ Ke5 76. Bg7+ Kf5 77. Bd4 Bc6 78. Bb2 Bb7
79. Bd4 Bd5 80. Bb2 Bc6 81. Bd4 Bb5 82. Kd2 Bc4 83. Be3 Ke5 84. Kc3 Bd5 85. Bg5
Ke6 86. Bf4 Kf5 87. Bd6 Bc4 88. Bc7 Kf6 89. Bf4 Be6 90. Bd6 Bd5 91. Bc7 Kf5 92.
Bd6 Ke6 93. Bf4 Kf5 94. Bd6 {Game drawn by repetition} 1/2-1/2

[Event "ICS rated blitz match"]
[Site "204.178.125.65"]
[Date "2001.01.23"]
[Round "?"]
[White "Valg"]
[Black "Hossa"]
[Result "1-0"]
[WhiteElo "2633"]
[BlackElo "2542"]
[PlyCount "201"]
[EventDate "2001.??.??"]

1. d4 Nf6 2. c4 e6 3. Nf3 b6 4. g3 Ba6 5. b3 Bb4+ 6. Bd2 Be7 7. Bg2 c6 8. Bc3
d5 9. Ne5 Nfd7 10. Nxd7 Nxd7 11. Nd2 O-O 12. O-O Rc8 13. e4 b5 14. Re1 dxc4 15.
bxc4 bxc4 16. Qc2 Qc7 17. Bf1 Nb6 18. a4 c5 19. d5 exd5 20. a5 Nd7 21. exd5 Nf6
22. Bxf6 Bxf6 23. Rab1 Qxa5 24. Ne4 Bd4 25. d6 Rb8 26. Bxc4 Rb2 27. Qd3 Bb7 28.
Rf1 Bxe4 29. Qxe4 Rxb1 30. Rxb1 Qd2 31. Qf3 g6 32. Rb7 Qc1+ 33. Bf1 a5 34. Kg2
Qc3 35. Qxc3 Bxc3 36. d7 Bf6 37. Rc7 Be7 38. f4 Kg7 39. Kf3 Rb8 40. Rc8 Rb3+
41. Kg4 Rb2 42. d8=B Bxd8 43. Rxd8 Rxh2 44. Rd7 h5+ 45. Kf3 Rc2 46. Ra7 Rc3+
47. Kf2 Rc2+ 48. Be2 Ra2 49. Rc7 Rc2 50. Ra7 Ra2 51. Re7 a4 52. Re3 Ra1 53. Rc3
a3 54. Rxc5 Rb1 55. Ra5 Rb3 56. Ra7 Rc3 57. Bb5 Rc2+ 58. Ke3 a2 59. Bd3 Rh2 60.
Bc4 Rh3 61. Kf3 h4 62. Kg4 a1=Q 63. Rxa1 Rxg3+ 64. Kxh4 Rf3 65. Kg4 Rc3 66. Bd5
Rd3 67. Bf3 Rd6 68. Ra7 Kf6 69. Rc7 Rd2 70. Rc6+ Ke7 71. Rc7+ Kf6 72. Kh4 Rd6
73. Rb7 Rd4 74. Kg3 Rd6 75. Kg4 Rd8 76. Bc6 Rd1 77. Be8 Rg1+ 78. Kh4 Rh1+ 79.
Kg3 Rh7 80. Bb5 Ke6 81. Bc4+ Kf6 82. Kg4 Rg7 83. Rb6+ Ke7 84. Kg5 Rg8 85. Rb7+
Kd6 86. Bxf7 Rf8 87. Kxg6 Kc6 88. Rb1 Kd6 89. Rd1+ Kc6 90. f5 Rb8 91. Bd5+ Kd6
92. f6 Ke5 93. f7 Rf8 94. Kg7 Rd8 95. f8=Q Rd7+ 96. Kg6 Rd6+ 97. Kh5 Rd7 98.
Qb8+ Rd6 99. Qb2+ Kf4 100. Rf1+ Kg3 101. Rf3# {Hossa checkmated} 1-0

[Event "ICS Rated blitz match"]
[Site "204.178.125.65"]
[Date "2001.01.23"]
[Round "?"]
[White "Hossa"]
[Black "Valg"]
[Result "1/2-1/2"]
[WhiteElo "2530"]
[BlackElo "2645"]
[PlyCount "206"]
[EventDate "2001.??.??"]

1. e4 e5 2. Nf3 Nc6 3. Bc4 Bc5 4. c3 Nf6 5. d4 exd4 6. O-O Nxe4 7. cxd4 d5 8.
dxc5 dxc4 9. Qxd8+ Kxd8 10. Rd1+ Bd7 11. Nbd2 Nxc5 12. Nxc4 Ne4 13. Bf4 Re8 14.
Rac1 Rc8 15. Ne3 h6 16. Nf5 g5 17. Be3 g4 18. N3h4 h5 19. Ng7 Re5 20. Bf4 Rb5
21. Rc2 Nf6 22. Nhf5 Rd5 23. Rcd2 Rxd2 24. Rxd2 Nh7 25. Nxh5 Nb8 26. Bg3 Ke8
27. Ne3 Kf8 28. Nd5 Be6 29. Bxc7 Bxd5 30. Rxd5 Rxc7 31. h3 Rc1+ 32. Kh2 Nc6 33.
hxg4 Rc2 34. Rb5 b6 35. f4 Ke7 36. Ng3 Nf6 37. Kh3 Ke6 38. f5+ Kd7 39. g5 Ne8
40. Rb3 Nd6 41. g6 fxg6 42. fxg6 Ne7 43. g7 Ng8 44. a4 Ke6 45. Rf3 Nf7 46. Rb3
Rc4 47. a5 bxa5 48. Rb8 Nfh6 49. Rb7 Ke5 50. Rxa7 Rc5 51. Kh4 Nf6 52. Kg5 Nhg8
53. Ra6 Nd7 54. Kg6 Kf4 55. Ne2+ Ke3 56. Nc3 Rc8 57. Rxa5 Rc6+ 58. Kg5 Rc8 59.
Rf5 Rd8 60. Nb5 Re8 61. Rf3+ Kd2 62. Nd6 Re6 63. Nc4+ Kc1 64. Rc3+ Kb1 65. b4
Ne7 66. Kf4 Nf6 67. Kf3 Nf5 68. Nd2+ Kb2 69. Rc7 Nd4+ 70. Kf4 Nd5+ 71. Kg5 Re2
72. Nc4+ Kc3 73. Ne3+ Nxc7 74. g8=Q Rxe3 75. Qb8 Ncb5 76. g4 Kxb4 77. Kh5 Rh3+
78. Kg6 Kc4 79. g5 Kd5 80. Qb7+ Ke5 81. Qg7+ Kf4 82. Qf8+ Ke3 83. Qb8 Rh4 84.
Qg3+ Nf3 85. Qb8 Nbd4 86. Qc8 Kf2 87. Qg8 Re4 88. Kf6 Rf4+ 89. Ke7 Ke1 90. g6
Nc6+ 91. Kd6 Rf6+ 92. Kc7 Ncd4 93. g7 Ne6+ 94. Qxe6+ Rxe6 95. g8=Q Rf6 96. Qb3
Nd2 97. Qc3 Rf3 98. Qe5+ Kf2 99. Kc6 Rd3 100. Kb5 Rb3+ 101. Kc5 Rc3+ 102. Qxc3
Ne4+ 103. Kd5 Nxc3+ {Game drawn because neither player has mating material}
1/2-1/2

[Event "ICS rated blitz match"]
[Site "204.178.125.65"]
[Date "2001.01.23"]
[Round "?"]
[White "Hossa"]
[Black "QueenMaxima"]
[Result "1-0"]
[WhiteElo "2521"]
[BlackElo "2505"]
[PlyCount "129"]
[EventDate "2001.??.??"]

1. d4 b6 2. c4 Ba6 3. e4 Nc6 4. Nf3 e6 5. Be2 Nf6 6. e5 Bb4+ 7. Nc3 Ne4 8. Qc2
f5 9. exf6 Nxf6 10. a3 Bxc3+ 11. bxc3 O-O 12. O-O Na5 13. Qa2 c5 14. Bg5 Qc7
15. Bxf6 Rxf6 16. Rac1 Rc8 17. Ne5 Rf4 18. Qd2 Rcf8 19. Qe3 d6 20. Nd3 R4f6 21.
Nb2 e5 22. dxe5 dxe5 23. Bf3 Kh8 24. Bd5 Rf4 25. Qe2 R8f5 26. g3 Rg5 27. Nd3
Rf8 28. f4 exf4 29. Rxf4 Rd8 30. Rcf1 g6 31. Rf8+ Rxf8 32. Rxf8+ Kg7 33. Rf7+
Qxf7 34. Bxf7 Kxf7 35. Ne5+ Kg7 36. g4 Kf6 37. Nd7+ Kf7 38. Qf3+ Ke7 39. Nb8
Nxc4 40. Nxa6 h5 41. h3 Re5 42. Qd3 Nxa3 43. Qxg6 Nb5 44. Nb8 Re1+ 45. Kf2 Rd1
46. Nc6+ Kd7 47. Ne5+ Kd8 48. Qg8+ Kc7 49. Qf7+ Kc8 50. Qe8+ Kb7 51. Qxb5 Rc1
52. Qd7+ Ka6 53. Qd3+ Kb7 54. gxh5 c4 55. Qd7+ Ka6 56. h6 Rc2+ 57. Ke3 Rxc3+
58. Kd4 Rc1 59. Qa4+ Kb7 60. h7 c3 61. Kc4 Re1 62. Qd7+ Ka6 63. Qc8+ Ka5 64.
Nc6+ Ka4 65. Qa6# {QueenMaxima checkmated} 1-0

[Event "ICS rated blitz match"]
[Site "204.178.125.65"]
[Date "2001.01.23"]
[Round "?"]
[White "Hossa"]
[Black "monsoon"]
[Result "1-0"]
[WhiteElo "2536"]
[BlackElo "2460"]
[PlyCount "123"]
[EventDate "2001.??.??"]

1. e4 c5 2. Nf3 e6 3. c3 d5 4. exd5 exd5 5. d4 Nf6 6. Bb5+ Bd7 7. Bxd7+ Nbxd7
8. O-O Bd6 9. Re1+ Be7 10. Qe2 h5 11. Bg5 c4 12. Na3 a6 13. Nc2 Rb8 14. Ne3 g6
15. Bf4 Rc8 16. Bd6 O-O 17. Nxc4 Bxd6 18. Nxd6 Rc6 19. Nxb7 Qb6 20. Nc5 Nxc5
21. dxc5 Rxc5 22. Qc2 Ne4 23. Re2 f5 24. Nd4 Rc4 25. Rd1 Qf6 26. f3 Ng5 27. h4
Nf7 28. Re6 Qg7 29. Nc6 Kh7 30. Qf2 g5 31. Nd4 gxh4 32. Nxf5 Qg5 33. Rxd5 Qc1+
34. Re1 Qf4 35. Qc2 Kh8 36. Ne7 Qh6 37. Qg6 Qxg6 38. Nxg6+ Kg7 39. Nxf8 Kxf8
40. Re4 Rxe4 41. fxe4 Ke7 42. Rxh5 Nd6 43. Rxh4 Ke6 44. e5 Kxe5 45. Ra4 Ne4 46.
Rxa6 Ng3 47. Kf2 Kf4 48. Ra4+ Ne4+ 49. Rxe4+ Kxe4 50. a4 Kd5 51. c4+ Kc5 52. a5
Kd6 53. a6 Ke7 54. c5 Ke6 55. c6 Kf6 56. a7 Ke6 57. c7 Kf6 58. c8=Q Ke5 59.
Qc5+ Kf6 60. a8=Q Ke6 61. Qe8+ Kf6 62. Qce5# {monsoon checkmated} 1-0

[Event "ICS rated blitz match"]
[Site "204.178.125.65"]
[Date "2001.01.23"]
[Round "?"]
[White "PostModernist"]
[Black "Hossa"]
[Result "1-0"]
[WhiteElo "2614"]
[BlackElo "2549"]
[PlyCount "133"]
[EventDate "2001.??.??"]

1. e4 e5 2. Bc4 Nf6 3. d3 Nc6 4. Nf3 Be7 5. c3 O-O 6. O-O d6 7. Re1 Na5 8. Bb5
a6 9. Ba4 Bd7 10. Bxd7 Qxd7 11. Bg5 Nc6 12. d4 Ng4 13. d5 Na7 14. h3 Bxg5 15.
Nxg5 Nf6 16. c4 b5 17. Nd2 Qe7 18. cxb5 axb5 19. Qb3 Nh5 20. Ngf3 Nf4 21. a4
bxa4 22. Rxa4 c5 23. dxc6 Nxc6 24. Rxa8 Rxa8 25. Nc4 Nd4 26. Nxd4 exd4 27. Kh2
Rd8 28. g3 Ne6 29. Qd3 Qf6 30. Kg2 Nc5 31. Qd2 Re8 32. f3 Rd8 33. Nb6 Nb3 34.
Qb4 Nc5 35. Nd5 Qe6 36. Qxd4 Rc8 37. Rc1 Rf8 38. Qc4 Nd7 39. b4 Kh8 40. Nc7 Qe7
41. b5 Nc5 42. Nd5 Qg5 43. Re1 Qe5 44. b6 f5 45. f4 Qb2+ 46. Re2 Qb1 47. e5 Ne4
48. e6 Rg8 49. e7 h6 50. g4 Qa1 51. gxf5 g5 52. fxg6 Rxg6+ 53. Kf3 Nd2+ 54.
Rxd2 Qh1+ 55. Ke2 Rg2+ 56. Kd3 Qf1+ 57. Kc3 Qc1+ 58. Kb4 Qxd2+ 59. Qc3+ Qxc3+
60. Kxc3 Rg3+ 61. Kd4 Kg7 62. e8=Q Rg2 63. Qe7+ Kh8 64. Nf6 Rd2+ 65. Ke3 Re2+
66. Kxe2 h5 67. Qh7# {Hossa checkmated} 1-0

[Event "ICS rated standard match"]
[Site "204.178.125.65"]
[Date "2001.01.23"]
[Round "?"]
[White "Hossa"]
[Black "PostModernist"]
[Result "0-1"]
[WhiteElo "2307"]
[BlackElo "2368"]
[PlyCount "69"]
[EventDate "2001.??.??"]

1. d4 d5 2. Nf3 Nf6 3. Bf4 c6 4. e3 Bg4 5. Nbd2 e6 6. c4 Bb4 7. a3 Bxf3 8. gxf3
Ba5 9. cxd5 Nxd5 10. Bg3 Nd7 11. e4 N5f6 12. b4 Bc7 13. Nb3 O-O 14. Be2 e5 15.
a4 Qe7 16. b5 cxb5 17. Bxb5 Qb4+ 18. Ke2 a6 19. Bd3 Rfc8 20. d5 Bd6 21. a5 Rc3
22. Rb1 Rb8 23. h3 h6 24. Rg1 Kh8 25. Rg2 Bc7 26. Qd2 Bxa5 27. Nxa5 Qxa5 28.
Bh2 Qa3 29. Rbg1 g5 30. h4 Rbc8 31. Rb1 Nh7 32. hxg5 Nxg5 33. Rh1 Rxd3 34. Qxd3
Qb2+ 35. Ke3 {Hossa resigns} 0-1

[Event "ICS rated blitz match"]
[Site "204.178.125.65"]
[Date "2001.01.23"]
[Round "?"]
[White "Hossa"]
[Black "PostModernist"]
[Result "1-0"]
[WhiteElo "2536"]
[BlackElo "2627"]
[PlyCount "125"]
[EventDate "2001.??.??"]

1. e4 e5 2. Nf3 Nc6 3. Bc4 b6 4. O-O Bb7 5. d3 h6 6. Be3 Nf6 7. Nc3 Bb4 8. Nd5
Bd6 9. c3 Na5 10. Nxf6+ Qxf6 11. Bb5 a6 12. Ba4 Rd8 13. Nd2 O-O 14. b4 Nc6 15.
Qh5 a5 16. b5 Ne7 17. Nc4 Ng6 18. Nxd6 Qxd6 19. Bb3 Qf6 20. g3 Rde8 21. Qf5
Qxf5 22. exf5 Ne7 23. g4 Kh7 24. f3 g6 25. f6 Ng8 26. g5 hxg5 27. Bxg5 Nh6 28.
Kf2 Nf5 29. Rg1 d6 30. Rg4 c6 31. bxc6 Bxc6 32. Rag1 b5 33. h3 Kh8 34. Bc1 Rc8
35. Bd2 a4 36. Bc2 Bd5 37. Bb1 Rfe8 38. d4 Be6 39. d5 Bd7 40. h4 Rc5 41. Be4
Ne7 42. fxe7 Bxg4 43. fxg4 Rxe7 44. h5 Rb7 45. h6 Kh7 46. g5 Rb8 47. Rf1 Rd8
48. Ke3 Rd7 49. Rf6 Rc8 50. Bf3 Rcd8 51. Be2 Rb7 52. Bc1 Rc8 53. Kd2 Rc5 54.
Rxd6 Rbc7 55. Bd3 Rxc3 56. Bb2 R3c5 57. Bxe5 Re7 58. Bf6 Re8 59. Rd7 Rf8 60.
Be7 Rcc8 61. Bxf8 Rxf8 62. Bxb5 Rb8 63. Bxa4 {PostModernist resigns} 1-0

[Event "ICS rated blitz match"]
[Site "204.178.125.65"]
[Date "2001.01.23"]
[Round "?"]
[White "PostModernist"]
[Black "Hossa"]
[Result "1-0"]
[WhiteElo "2607"]
[BlackElo "2556"]
[PlyCount "68"]
[EventDate "2001.??.??"]

1. e4 e5 2. Bc4 Nf6 3. d3 Nc6 4. Nf3 Bc5 5. c3 d6 6. b4 Bb6 7. O-O O-O 8. a4 a5
9. b5 Ne7 10. Bg5 Ng6 11. Nh4 Nxh4 12. Bxh4 Qe7 13. Qf3 Bd7 14. Nd2 Rab8 15. g4
c6 16. Rfb1 Be6 17. Bxf6 gxf6 18. Bxe6 fxe6 19. Nc4 Qd8 20. bxc6 bxc6 21. Qh3
Rf7 22. Qh5 Rfb7 23. Kg2 d5 24. Rxb6 Rxb6 25. Nxb6 Qxb6 26. g5 Qb2 27. gxf6 Kf8
28. Qxh7 Rb7 29. Qh8+ Kf7 30. Rg1 Qe2 31. Kh3 Qxd3+ 32. Rg3 Qf1+ 33. Kh4 Qxf2
34. Qg8+ Kxf6 {Hossa resigns} 1-0

[Event "ICS rated blitz match"]
[Site "204.178.125.65"]
[Date "2001.01.23"]
[Round "?"]
[White "Hossa"]
[Black "Valg"]
[Result "0-1"]
[WhiteElo "2542"]
[BlackElo "2602"]
[PlyCount "118"]
[EventDate "2001.??.??"]

1. Nf3 Nf6 2. d4 g6 3. c4 Bg7 4. Nc3 O-O 5. e4 d6 6. Be2 e5 7. Be3 Ng4 8. Bg5
f6 9. Bh4 Nc6 10. d5 Ne7 11. Nd2 Nh6 12. O-O g5 13. Bg3 Ng6 14. Bh5 f5 15. exf5
Nxf5 16. Bxg6 hxg6 17. Nde4 Nxg3 18. fxg3 g4 19. Rxf8+ Qxf8 20. Qe2 Bf5 21. Rf1
Qc8 22. b3 Qd7 23. Qe3 a6 24. Nf2 Rf8 25. b4 Rf7 26. a4 Rf8 27. a5 Rf7 28. Qg5
Qe7 29. Qc1 e4 30. Ncd1 Bd4 31. Ne3 c5 32. dxc6 bxc6 33. Qd2 Bxe3 34. Qxe3 d5
35. cxd5 cxd5 36. Rd1 Be6 37. b5 axb5 38. Rf1 Qa7 39. Qh6 Bf5 40. Kh1 e3 41.
Re1 d4 42. Qf4 Qxa5 43. Rg1 Bc2 44. Qb8+ Rf8 45. Qd6 exf2 46. Qe6+ Kg7 47. Qe5+
Kh6 48. Rf1 Qa1 49. Qe2 Qxf1+ 50. Qxf1 Bd3 51. Qc1+ Kh7 52. h4 f1=Q+ 53. Qxf1
Bxf1 54. Kg1 d3 55. Kh2 d2 56. Kg1 d1=Q 57. h5 Qd2 58. hxg6+ Kxg6 59. Kh2 Qxg2#
{Hossa checkmated} 0-1

[Event "ICS rated blitz match"]
[Site "204.178.125.65"]
[Date "2001.01.23"]
[Round "?"]
[White "Hossa"]
[Black "PostModernist"]
[Result "0-1"]
[WhiteElo "2529"]
[BlackElo "2621"]
[PlyCount "132"]
[EventDate "2001.??.??"]

1. e4 e5 2. Bc4 f5 3. d3 Nf6 4. f4 exf4 5. e5 Ng4 6. Bxf4 g5 7. Bc1 Bb4+ 8. c3
Be7 9. Qe2 Nc6 10. d4 d5 11. exd6 Qxd6 12. Nf3 h6 13. b3 Bd7 14. Ba3 Qf4 15.
Bb5 O-O-O 16. Bxc6 Bxc6 17. Bxe7 Qc1+ 18. Qd1 Qe3+ 19. Qe2 Qxe2+ 20. Kxe2 Rhe8
21. Nbd2 Rxe7+ 22. Kf1 Ne3+ 23. Kf2 Nxg2 24. Kxg2 Re2+ 25. Kf1 Rxd2 26. Nxd2
Bxh1 27. Kg1 Bd5 28. Re1 f4 29. Kf2 b6 30. Re7 Rd7 31. Re8+ Kb7 32. Re1 Bc6 33.
Nc4 h5 34. Ne5 Rd8 35. Nf7 Rd5 36. Re6 g4 37. Ne5 Rd6 38. Re7 a5 39. Rf7 f3 40.
Rh7 Be8 41. h3 gxh3 42. Kxf3 b5 43. Kg3 b4 44. Rh8 bxc3 45. Rxe8 c2 46. Nd3
Rxd4 47. Nc1 h2 48. Kxh2 Rd1 49. Re4 Rxc1 50. Rc4 c6 51. Kg2 Kb6 52. Rc3 c5 53.
Rc4 Kb5 54. Kh2 a4 55. Kg2 h4 56. Kh2 axb3 57. axb3 h3 58. Kg3 Rg1+ 59. Kh2
c1=Q 60. Rxc1 Rxc1 61. Kg3 Rf1 62. Kg4 h2 63. Kh3 h1=Q+ 64. Kg3 Qg1+ 65. Kh4
Rf2 66. Kh5 Rh2# {Hossa checkmated} 0-1

[Event "ICS rated blitz match"]
[Site "204.178.125.65"]
[Date "2001.01.23"]
[Round "?"]
[White "ChesterX"]
[Black "Hossa"]
[Result "1-0"]
[WhiteElo "2619"]
[BlackElo "2517"]
[PlyCount "52"]
[EventDate "2001.??.??"]

1. e4 e5 2. Nf3 Nc6 3. Bc4 Bc5 4. c3 Nf6 5. d3 d6 6. Nbd2 O-O 7. O-O Bb6 8. Bb3
Na5 9. Nc4 Nxc4 10. Bxc4 Be6 11. Bxe6 fxe6 12. a4 Ng4 13. d4 exd4 14. cxd4 d5
15. e5 Qe8 16. a5 Bxd4 17. Qxd4 Qg6 18. Ra4 h5 19. Ra3 c6 20. Rc3 Qf7 21. a6
Qc7 22. axb7 Qxb7 23. h3 Nh6 24. Bxh6 gxh6 25. Rfc1 Rac8 26. Qe3 Qh7 {
Hossa resigns} 1-0

[Event "ICS rated blitz match"]
[Site "204.178.125.65"]
[Date "2001.01.23"]
[Round "?"]
[White "Hossa"]
[Black "ChesterX"]
[Result "0-1"]
[WhiteElo "2506"]
[BlackElo "2630"]
[PlyCount "86"]
[EventDate "2001.??.??"]

1. e4 c5 2. c3 Nf6 3. e5 Nd5 4. d4 cxd4 5. Nf3 d6 6. Qxd4 e6 7. exd6 Qxd6 8.
Bb5+ Bd7 9. Bxd7+ Qxd7 10. Ne5 Qc7 11. O-O Bd6 12. Nf3 O-O 13. Bg5 h6 14. Bh4
Nc6 15. Qe4 Ne5 16. Nbd2 f5 17. Qe1 Nxf3+ 18. Nxf3 Rae8 19. h3 f4 20. Qe4 g5
21. c4 Nf6 22. Qg6+ Qg7 23. Qxg7+ Kxg7 24. Rad1 Bc5 25. Bxg5 hxg5 26. Nxg5 e5
27. Rd3 e4 28. Rb3 e3 29. Rxb7+ Kh6 30. Nf3 exf2+ 31. Kh2 Ne4 32. Rc7 Ng3 33.
Nd2 Nxf1+ 34. Nxf1 Re1 35. Rc6+ Kg7 36. Rc7+ Rf7 37. Rxc5 Rxf1 38. Rg5+ Kf8 39.
h4 Rg1 40. g3 f1=Q 41. gxf4 Rh1+ 42. Kg3 Qxf4+ 43. Kg2 Qf3# {Hossa checkmated}
0-1

[Event "ICS rated standard match"]
[Site "204.178.125.65"]
[Date "2001.01.23"]
[Round "?"]
[White "Amateur"]
[Black "Hossa"]
[Result "1-0"]
[WhiteElo "2372"]
[BlackElo "2294"]
[PlyCount "102"]
[EventDate "2001.??.??"]

1. e4 e5 2. Nf3 d6 3. Bc4 Be7 4. d4 exd4 5. Nxd4 Nf6 6. Nc3 O-O 7. O-O c6 8.
Bf4 b5 9. Bd3 Qc7 10. a4 b4 11. Nce2 Nbd7 12. Ng3 Nc5 13. Ngf5 Bxf5 14. Nxf5
Rfe8 15. Qf3 Bf8 16. Rfe1 b3 17. cxb3 Nxb3 18. Rad1 Nc5 19. Bc2 Qb7 20. Nxd6
Bxd6 21. Bxd6 Qxb2 22. Re2 Qb6 23. e5 Nd5 24. Qh3 g6 25. Qa3 Nb7 26. Re4 Qa5
27. h3 Re6 28. Bb4 Qc7 29. Bc3 Nxc3 30. Qxc3 Rb8 31. Qe3 Na5 32. Rd6 Rbe8 33.
Qd4 c5 34. Qc3 Rb8 35. Rxe6 fxe6 36. Rf4 Qb6 37. Qg3 Kg7 38. Rh4 Qb7 39. Qg5
Qf7 40. Qh6+ Kg8 41. Bxg6 Qxg6 42. Rg4 Qxg4 43. hxg4 Rb1+ 44. Kh2 Rb6 45. Qg5+
Kf7 46. Qd2 Nc6 47. Qh6 Ne7 48. Qxh7+ Ke8 49. f4 Rb4 50. f5 Kd8 51. f6 Nd5 {
Hossa resigns} 1-0

[Event "ICS rated standard match"]
[Site "204.178.125.65"]
[Date "2001.01.23"]
[Round "?"]
[White "Esen"]
[Black "Hossa"]
[Result "0-1"]
[WhiteElo "1913"]
[BlackElo "2290"]
[PlyCount "56"]
[EventDate "2001.??.??"]

1. d4 d5 2. c4 e6 3. Nc3 Nf6 4. Bg5 Be7 5. Bxf6 Bxf6 6. cxd5 exd5 7. e3 O-O 8.
Nf3 c5 9. Bd3 cxd4 10. Nxd4 Bxd4 11. exd4 Re8+ 12. Kf1 Be6 13. Qd2 Nc6 14. Re1
Qd7 15. Bb1 Bf5 16. Bxf5 Rxe1+ 17. Kxe1 Qxf5 18. f3 Nb4 19. a3 Nd3+ 20. Kf1 Rd8
21. h3 b6 22. Kg1 a6 23. Kh2 Rd6 24. Rd1 Nf4 25. Qe3 Re6 26. Qd2 h5 27. Re1
Rxe1 28. Qxe1 Qc2 {Esen resigns} 0-1

[Event "ICS rated blitz match"]
[Site "204.178.125.65"]
[Date "2001.01.23"]
[Round "?"]
[White "PostModernist"]
[Black "Hossa"]
[Result "1-0"]
[WhiteElo "2648"]
[BlackElo "2495"]
[PlyCount "103"]
[EventDate "2001.??.??"]

1. d4 d5 2. Nf3 Nf6 3. e3 c6 4. Bd3 Bg4 5. Nbd2 e6 6. h3 Bxf3 7. Qxf3 Bd6 8. e4
e5 9. exd5 exd4 10. dxc6 Nxc6 11. O-O O-O 12. Ne4 Nxe4 13. Bxe4 Rc8 14. Re1 Re8
15. Bd2 Rb8 16. Bxc6 bxc6 17. Qxc6 Be5 18. f4 Re6 19. Qa4 Bf6 20. Rxe6 fxe6 21.
Rd1 Qb6 22. Kf1 Qxb2 23. Qxa7 Rf8 24. Qa4 Qb6 25. Qc4 Bh4 26. Qd3 Qc6 27. Rc1
Bf6 28. Rb1 e5 29. Qb3+ Rf7 30. Qf3 Qc8 31. Qd5 g6 32. Kg1 Qc7 33. Rf1 exf4 34.
Bxf4 Qd7 35. Bd6 Kh8 36. a4 Rf8 37. a5 Rf7 38. a6 h6 39. Ra1 Qe8 40. a7 Rxa7
41. Rxa7 Qe1+ 42. Kh2 Qe8 43. Ra8 Qxa8 44. Qxa8+ Kh7 45. Qb7+ Kh8 46. Qc8+ Kh7
47. Qd7+ Kg8 48. Qe8+ Kg7 49. Qf8+ Kh7 50. Qxf6 h5 51. Bf8 Kg8 52. Qg7# {
Hossa checkmated} 1-0

[Event "ICS Rated blitz match"]
[Site "204.178.125.65"]
[Date "2001.01.23"]
[Round "?"]
[White "Hossa"]
[Black "PostModernist"]
[Result "1/2-1/2"]
[WhiteElo "2486"]
[BlackElo "2657"]
[PlyCount "173"]
[EventDate "2001.??.??"]

1. d4 d5 2. Nf3 Nf6 3. e3 g6 4. c4 c6 5. cxd5 cxd5 6. Nc3 Bg7 7. Bb5+ Bd7 8.
Bd3 O-O 9. Qb3 Bc6 10. Ne5 Qd6 11. f3 Nbd7 12. Nxc6 bxc6 13. Qc2 e5 14. O-O
exd4 15. exd4 c5 16. Be3 c4 17. Be2 Rfe8 18. Qd2 Qe6 19. Bg5 a6 20. Rfe1 Qd6
21. b3 Nb6 22. Bf4 Qd8 23. Bh6 Qd6 24. Rac1 Bxh6 25. Qxh6 cxb3 26. axb3 Qb4 27.
Qd2 Qxb3 28. Rb1 Nc4 29. Qc1 Qa3 30. Nxd5 Nxd5 31. Qxc4 Qe3+ 32. Kh1 Nf4 33.
Bf1 Qxe1 34. Rxe1 Rxe1 35. g3 Ne6 36. d5 Ng7 37. Qc6 Rd8 38. Kg2 Nf5 39. Qxa6
Ne3+ 40. Kf2 Rxf1+ 41. Kxe3 Rd1 42. Qa7 R8xd5 43. g4 Rd7 44. Qb8+ Rd8 45. Qc7
g5 46. Kf2 R8d2+ 47. Ke3 Rd7 48. Qb8+ Rd8 49. Qb2 R1d3+ 50. Ke2 R3d7 51. Qf6
Rd2+ 52. Ke3 R8d3+ 53. Ke4 Rd5 54. Qh6 R2d3 55. Qf6 Rd1 56. Ke3 Re1+ 57. Kf2
Re6 58. Qc3 h6 59. Kg3 Re2 60. Qc8+ Kg7 61. Qc3+ Rde5 62. Qd4 f6 63. Qd7+ Re7
64. Qd8 Rb7 65. Qc8 Rbb2 66. Qd7+ Kg8 67. Qd5+ Kf8 68. Qd8+ Kf7 69. Qd7+ Re7
70. Qd8 Rc2 71. Qd3 Ree2 72. Qd7+ Kg6 73. Qd3+ Kg7 74. Qd7+ Kg6 75. Qd3+ Kg7
76. Qd7+ Kg8 77. Qd8+ Kh7 78. Qd7+ Kh8 79. Qd8+ Kh7 80. Qd7+ Kh8 81. Qd8+ Kg7
82. Qd7+ Kf8 83. Qd8+ Kf7 84. Qd7+ Re7 85. Qd3 Ree2 86. Qd7+ Re7 87. Qd3 {
Game drawn by repetition} 1/2-1/2